Chelsea Squad 23/24 - Statistics

General Stats
  • This quiz has been taken 198 times
    167 since last reset
  • The average score is 21 of 29
Answer Stats
# Nation Former Club Answer % Correct
1 Spain Brighton Robert Sanchez
98%
10 Ukraine Shakhtar Mykhailo Mudryk
95%
6 Brazil PSG Thiago Silva
93%
8 Argentina Benfica Enzo Fernandez
92%
20 England Man City Cole Palmer
91%
7 England Man City Raheem Sterling
91%
3 Spain Brighton Marc Cucurella
90%
15 Senegal Villarreal Nicolas Jackson
90%
11 England PSV Noni Madueke
86%
25 Ecuador Brighton Moises Caicedo
85%
2 France AS Monaco Axel Disasi
84%
19 Albania Youth Armando Broja
81%
5 France AS Monaco Benoit Badiashile
81%
21 England Leicester City Ben Chilwell
80%
24 England Youth Reece James
79%
18 France RB Leipzig Christopher Nkunku
78%
27 France Olympique Lyon Malo Gusto
74%
33 France Leicester City Wesley Fofana
71%
45 Belgium Southampton Romeo Lavia
68%
23 England Youth Conor Gallagher
64%
28 Serbia New England Djordje Petrovic
61%
26 England Youth Levi Colwill
57%
14 England Youth Trevoh Chalobah
57%
17 England Aston Villa Carney Chukwuemeka
52%
29 Netherlands Youth Ian Maatsen
49%
16 France Stade Rennais Lesley Ugochukwu
48%
36 Brazil Santos Deivid Washington
40%
13 England Fulham Marcus Bettinelli
37%
- France OGC Nice Malang Sarr
36%
No matching quizzes found
Score Distribution
Percent of People with Each Score
Percentile by Number Answered
Your Score History
You have not taken this quiz since the last reset